00423nam a22001337a 450000500170000000800410001704100130005808200140007110000240008524500830010926000470019230000250023965000250026420231120134743.0231120b |||||||| |||| 00| 0 eng d aEnglish  a343.4 ROO aRoos, FJ lEnglish  aTaxation of Bills of Costs in the Superior Courts of South Africa / cFJ Roos  aCape Town : bJuta and Company Ltd, c1947 b186 pages ; c25 cm. aLegal practice bLaw